| 000 | 00688nam a2200217 a 4500 | ||
|---|---|---|---|
| 005 | 20250809063840.0 | ||
| 008 | 991125s1978 es 000 0 spa u | ||
| 020 | _a8429415572 | ||
| 035 | _aUPN01000004074 | ||
| 049 | _aCG | ||
| 050 | 4 |
_aLB1065 _bR3.38 |
|
| 100 | 1 | _aRae, Gordon | |
| 245 | 1 | 3 |
_aEl aprendizaje en la escuela primaria : _bun enfoque sistemático / _cGordon Rae y W. N. McPhillimy ; tr. Ignacio Ruiz Alcain. |
| 260 |
_aMadrid : _bSantillana, _c1978. |
||
| 300 | _a177 p. | ||
| 440 | 0 |
_aAula XXI. _pSantillana ; _v18 |
|
| 650 | 2 |
_aObjetivos de la enseñanza _921083 |
|
| 650 | 4 |
_aPsicología del aprendizaje _95221 |
|
| 700 | 1 |
_aMcPhillimy, W. N., _ecoaut. |
|
| 905 | _aLibro | ||
| 999 |
_c4074 _d4074 |
||